000 00623nam a2200241Ia 4500
005 20250425162136.0
008 250425s9999 xx 000 0 und d
020 _a1589060865
041 _aeng
082 _a338
100 _aARARAT, MELSA
245 0 _aFINANCIAL SOUNDNESS INDICATORS: ANALYTICAL ASPECT AND CONTRY PRACTICES
250 _aS.E.
260 _aEstados Unidos
_bINTERNATIONAL MONETARY FUND
_c2002
260 _aWASHINGTON
300 _a110
500 _a212
650 _aASPECTOS ECONOMICOS
650 _aFINANZAS
710 _aINTERNATIONAL MONETARY FUND
942 _c01
010 _a52741
999 _c223159
_d223159